Score 0/27 Timer 03:00
1 Play Today
Hint 5-Letter Word % Correct
Light hair colorBLOND
98.9%
Fill in the ___BLANK
98.6%
Color of tarBLACK
98.5%
FlavorlessBLAND
97.9%
Sugary tastingSWEET
96.9%
• Fluid in your aorta ••BLOOD•
96.3%
• Fluid from your pores ••SWEAT•
96%
A pile of booksSTACK
95.2%
To talkSPEAK
95.1%
Utter a curse wordSWEAR
95%
Leonard Nimoy Star Trek characterSPOCK
94.7%
Not longSHORT
94.6%
Fill the store's shelvesSTOCK
94.4%
Not taut, like a ropeSLACK
94.1%
Hint 5-Letter Word % Correct
A pointed long weaponSPEAR
94.1%
Baseball or football, e.g.SPORT
93.9%
A piece of beddingSHEET
93.8%
• Fluid from your eyes ••TEARS•
91.8%
A teensy bitSPECK
91.6%
A hybrid eating utensilSPORK
91.5%
It's between you and your jacketSHIRT
90%
What the plug in your engine makesSPARK
88.6%
Nearly thin and see-throughSHEER
83.6%
Roebuck's store partnerSEARS
82.6%
Boxes withSPARS
81.1%
More timid thanSHIER
73.1%
Bake eggs until they setSHIRR
64.7%

Today's Daily Dose

Word Ladder
Folklore Song

Get the Picture
'B' Sanders

Remove Ads.
Support Sporcle.
Get the best of Sporcle when you Go Orange. This ad-free experience offers more features, more stats, and more fun while also helping to support Sporcle. Thank you for becoming a member.

You're not logged in!

Compare scores with friends on all Sporcle quizzes.
OR
Log In

Show Comments

Extras

Top Quizzes Today


Score Distribution

Your Account Isn't Verified!

In order to create a playlist on Sporcle, you need to verify the email address you used during registration. Go to your Sporcle Settings to finish the process.

Report this User

Report this user for behavior that violates our Community Guidelines.

Details: